Sports Quiz

Random Sports or Baseball Quiz
Score 0/27 Timer 07:00
5 Plays Today
10 Win Season Pitcher % Correct
16Randy Johnson
86.5%
19Roger Clemens
85.4%
18Walter Johnson
85.2%
17Tommy John
83.4%
20Greg Maddux
80.1%
20Nolan Ryan
79.9%
18Tom Glavine
73.2%
15Dennis Martinez
56.3%
17Tom Seaver
54.5%
15Jamie Moyer
50.7%
18Steve Carlton
47.4%
16Andy Pettitte
42.4%
19Phil Niekro
40.9%
17Mike Mussina
39.3%
10 Win Season Pitcher % Correct
17Warren Spahn
38%
21Don Sutton
33.8%
17Bert Blyleven
31.5%
17Gaylord Perry
30.5%
15Fergie Jenkins
25.9%
17Pete Alexander
23.8%
15Jim Kaat
17.5%
16Robin Roberts
14.8%
15Early Wynn
13%
15Carl Hubbell
11.1%
15Mark Buehrle
9.2%
16Eddie Plank
8%
17Ted Lyons
4.8%

You're not logged in!

Compare scores with friends on all Sporcle quizzes.
OR
Log In

Sporcle TV

Today on Sporcle TV


Watch our educational content, quiz creation guides, and fun videos on Sporcle TV.

Show Comments

Extras

Top Quizzes Today


Score Distribution

Paid Content

Your Account Isn't Verified!

In order to create a playlist on Sporcle, you need to verify the email address you used during registration. Go to your Sporcle Settings to finish the process.

Report this User

Report this user for behavior that violates our Community Guidelines.

Details: